Statistics for Disney Channel Original Movies 1997-2023

Click here to take the quiz!

General Stats

  • This quiz has been taken 1,674 times
    (320 since last reset)
  • The average score is 25 of 115

Answer Stats

Answer% Correct
61High School Musical
85%
69High School Musical 2
80%
72Camp Rock
72%
98Descendants
66%
80Camp Rock 2: The Final Jam
64%
102Descendants 2
60%
106Descendants 3
57%
83Lemonade Mouth
57%
92Teen Beach Movie
55%
103Zombies
51%
4Halloweentown
46%
77Wizards of Waverly Place: The Movie
45%
78Starstruck
44%
107Zombies 2
44%
76Princess Protection Program
39%
94Zapped
38%
112Zombies 3
38%
87Good Luck Charlie, It's Christmas!
37%
90Let It Shine
37%
60Twitches
37%
93Cloud 9
36%
46The Cheetah Girls
34%
67Jump In!
33%
104Freaky Friday
32%
5Zenon: Girl of the 21st Century
32%
88Frenemies
31%
89Radio Rebel
31%
63Wendy Wu: Homecoming Warrior
31%
36Cadet Kelly
29%
91Girl vs. Monster
29%
99Invisible Sister
29%
95How to Build a Better Boy
28%
65The Cheetah Girls 2
28%
27The Luck of the Irish
28%
86Geek Charming
27%
8Smart House
27%
96Bad Hair Day
26%
85Phineas and Ferb the Movie: Across the 2nd Dimension
26%
97Teen Beach 2
25%
9Johnny Tsunami
24%
84Sharpay's Fabulous Adventure
24%
100Adventures in Babysitting
23%
62Cow Belles
23%
70Twitches Too
22%
53Halloweentown High
21%
71Minutemen
21%
64Read It and Weep
21%
51Stuck in the Suburbs
21%
1Underwraps (1997)
21%
3Brink
20%
66Return to Halloweentown
20%
7The Thirteenth Year
20%
74Dadnapped
19%
81Avalon High
18%
14The Color of Friendship
18%
82The Suite Life Movie
18%
73The Cheetah Girls: One World
17%
79Den Brother
16%
75Hatching Pete
16%
35Double Teamed
15%
38Get a Clue
15%
25Zenon: The Zequel
15%
11Don't Look Under the Bed
14%
45Eddie's Million Dollar Cook-Off
14%
56Kim Possible Movie: So the Drama
14%
48Pixel Perfect
14%
20Quints
14%
44The Even Stevens Movie
14%
59The Proud Family Movie
14%
6Can of Worms
13%
101The Swap
13%
57Go Figure
12%
68Johnny Kapahala: Back on Board
12%
114Prom Pact
12%
13Up, Up, and Away
12%
50Zenon: Z3
12%
33Halloweentown II: Kalabar's Revenge
11%
22Mom's Got a Date with a Vampire
11%
23Phantom of the Megaplex
11%
52Tiger Cruise
11%
12Horse Sense
10%
58Life is Ruff
10%
26Motocrossed
10%
54Now You See It...
10%
2You Lucky Dog
10%
15Alley Cats Strike
9%
10Genius
9%
16Rip Girls
9%
39Gotta Kick It Up!
8%
17Miracle in Lane 2
8%
109Spin
8%
21The Other Me
8%
32The Poof Point
8%
42You Wish!
8%
40A Ring of Endless Light
7%
28Hounded
7%
29Jett Jackson: The Movie
7%
31Jumping Ship
7%
19Ready to Run
7%
18Stepsister from Planet Weird
7%
24The Ultimate Christmas Present
7%
37Tru Confessions
7%
108Upside-Down Magic
7%
55Buffalo Dreams
6%
111Christmas...Again?!
6%
47Full-Court Miracle
6%
49Going to the Mat
6%
41The Scream Team
6%
115The Slumber Party
6%
34'Twas the Night
6%
110Underwraps 2021
6%
105Kim Possible Movie 2019
5%
43Right On Track
5%
30The Jennie Project
4%
113Underwraps Two
4%

Score Distribution

Percentile by Number Answered

Percent of People with Each Score

Your Score History

You have not taken this quiz since the last reset